Central Library || Chittagong University

Operational research in practice (Record no. 66244)

MARC details
000 -LEADER
fixed length control field 00536nam a2200217 454500
001 - CONTROL NUMBER
control field 066244
003 - CONTROL NUMBER IDENTIFIER
control field BD-ChCU
008 - FIXED-LENGTH DATA ELEMENTS--GENERAL INFORMATION
fixed length control field Eng
020 ## - INTERNATIONAL STANDARD BOOK NUMBER
International Standard Book Number x
040 ## - CATALOGING SOURCE
Original cataloging agency DLC
Transcribing agency DLC
Modifying agency BD-ChCU
082 00 - DEWEY DECIMAL CLASSIFICATION NUMBER
Classification number 629.132/DAO
100 1# - MAIN ENTRY--PERSONAL NAME
Personal name Davies, Max.
Numeration x
245 10 - TITLE STATEMENT
Title Operational research in practice
Remainder of title Report of a NATO conference
250 ## - EDITION STATEMENT
Edition statement x
260 ## - PUBLICATION, DISTRIBUTION, ETC.
Place of publication, distribution, etc. Lond.
Name of publisher, distributor, etc. Pergamon Press
Date of publication, distribution, etc. 1958
300 ## - PHYSICAL DESCRIPTION
Extent ix, 201
504 ## - BIBLIOGRAPHY, ETC. NOTE
Bibliography, etc. note x
650 #0 - SUBJECT ADDED ENTRY--TOPICAL TERM
Topical term or geographic name entry element Airplanes - Piloting
Topical term following geographic name entry element Airplanes - Piloting
700 1# - ADDED ENTRY--PERSONAL NAME
Personal name Verhulst, Miechel .
942 ## - ADDED ENTRY ELEMENTS (KOHA)
Source of classification or shelving scheme Dewey Decimal Classification
Koha item type Books
Holdings
Withdrawn status Lost status Source of classification or shelving scheme Damaged status Not for loan Home library Current library Shelving location Date acquired Source of acquisition Total Checkouts Full call number Barcode Date last seen Copy number Price effective from Koha item type Public note
    Dewey Decimal Classification     Chittagong University Library Chittagong University Library General Stacks 06/14/2015 Purchase   629.132/DAO 36111 09/13/2015 1 09/13/2015 Books x
© Copyright 2025. Chittagong University Library, Installation and Maintenance by Prof. Dr. Md. Alamgir, 01711306253